Entrepreneurship and Sustainability Business Solutions for Poverty Alleviation from Around the World / (Record no. 478205)

000 -LEADER
fixed length control field 00530nam a22001697a 4500
005 - DATE AND TIME OF LATEST TRANSACTION
control field 20210914101149.0
008 - FIXED-LENGTH DATA ELEMENTS--GENERAL INFORMATION
fixed length control field 180409b ||||| |||| 00| 0 eng d
020 ## - INTERNATIONAL STANDARD BOOK NUMBER
International Standard Book Number 9781409428732
040 ## - CATALOGING SOURCE
Transcribing agency c
082 ## - DEWEY DECIMAL CLASSIFICATION NUMBER
Classification number 362.55765091724 ENT
100 ## - MAIN ENTRY--PERSONAL NAME
Personal name Halkias, Daphane
9 (RLIN) 82426
245 ## - TITLE STATEMENT
Title Entrepreneurship and Sustainability Business Solutions for Poverty Alleviation from Around the World /
Statement of responsibility, etc. Daphane Halkias
260 ## - PUBLICATION, DISTRIBUTION, ETC.
Place of publication, distribution, etc. United States ;
Name of publisher, distributor, etc. Gower,
Date of publication, distribution, etc. 2012.
300 ## - PHYSICAL DESCRIPTION
Extent 243 p. ;
Dimensions 24 cm.
500 ## - GENERAL NOTE
General note Hardcover.
942 ## - ADDED ENTRY ELEMENTS (KOHA)
Source of classification or shelving scheme
Koha item type Book
Holdings
Withdrawn status Lost status Source of classification or shelving scheme Damaged status Not for loan Permanent Location Current Location Shelving location Date acquired Total Checkouts Full call number Barcode Date last seen Date last checked out Price effective from Koha item type Public note
          School of Mechanical & Manufacturing Engineering (SMME) School of Mechanical & Manufacturing Engineering (SMME) General Stacks 04/09/2018 1 362.5576509 ENT SMME-2287 04/28/2023 09/26/2022 04/09/2018 Book Rack,49-Shelf,4
© 2023 Central Library, National University of Sciences and Technology. All Rights Reserved.